| 000 | 02482nam a22002177a 4500 | ||
|---|---|---|---|
| 008 | 250923b |||||||| |||| 00| 0 eng d | ||
| 020 | _a9782080485090 | ||
| 040 | _ctbs | ||
| 041 | _afre | ||
| 050 |
_aHD4904 _bS8914 2023 |
||
| 100 |
_aSuzman, James _925952 _eauthor |
||
| 240 |
_aWork _lFrench. |
||
| 245 |
_aTravailler _b: la grande affaire de l'humanité _c/ James Suzman. |
||
| 260 |
_aParis : _bFlammarion, _c2023. |
||
| 300 |
_a470 pages : _billustrations, graphs, maps (black and white) ; _c18 cm. |
||
| 490 |
_aChamps _vEssais |
||
| 520 | _aLe travail détermine les personnes avec qui nous passons la plupart de notre temps, alimente nos valeurs morales et politiques, façonne nos perspectives d'avenir. L'histoire des premiers homo sapiens révèle pourtant un monde où le travail ne jouait pas ce rôle primordial. Pourquoi travaillons-nous autant ? Comment le travail a-t-il pu façonner à ce point notre évolution ? James Suzman propose une nouvelle histoire du travail en s'appuyant sur vingt-cinq ans de recherches, à l'interface entre les tribus de chasseurs-cueilleurs, les premières sociétés agricoles et le monde industrialisé. Il révèle comment les révolutions technologiques successives ont déformé notre conception de l'effort et de la récompense, engendrant une série de problèmes sociaux, économiques et environnementaux. La perspective d'une automatisation généralisée, susceptible de transformer en profondeur nos sociétés laborieuses, révèle l'urgence de réinventer notre rapport au travail. | ||
| 520 | _aWork determines the people we spend most of our time with, fuels our moral and political values, and shapes our visions of the future. Yet the history of the first homo sapiens reveals a world in which work did not play such a central role. Why do we work so much? How has work come to shape our evolution so profoundly? James Suzman offers a new history of work, drawing on twenty-five years of research at the intersection of hunter-gatherer tribes, the first agricultural societies, and the industrialized world. He shows how successive technological revolutions have distorted our understanding of effort and reward, giving rise to a series of social, economic, and environmental problems. The prospect of widespread automation, likely to profoundly transform our labor-driven societies, underscores the urgency of reinventing our relationship with work. | ||
| 650 | 0 |
_aIndustrial sociology _912339 |
|
| 942 | _2lcc | ||
| 999 |
_c4979 _d4979 |
||